Statystyki dla Ubrania po francusku

Kliknij tutaj aby rozwiązać quiz!

Ogólne statystyki

  • Ten quiz został rozwiązany 51 razy
    (45 od ostatniego zresetowania)
  • Średni wynik to 14 z 31

Statystyki odpowiedzi

po francusku% Poprawnych
sweterun pull
81%
spódnicaune jupe
76%
sukienkaune robe
76%
spodnieun pantalon
76%
koszulaune chemise
71%
płaszczun manteau
67%
marynarkaune veste
62%
spodenkiun short
62%
kozakides bottes
57%
garniturun costume
57%
dzinsyun jean
57%
kapeluszun chapeau
52%
skarpetydes chaussettes
48%
adidasydes baskets
43%
pasekune ceinture
43%
rekawiczkides gants
38%
okularydes lunettes
38%
ubraniales vetements
38%
czapka zimowaun bonnet
38%
koszulkaun tee shirt
38%
krawatune cravate
33%
rajstopydes collants
29%
kurtka zimowaun anorak
29%
bikiniun bikini
29%
kaszkietune casquette
29%
szalikune echarpe
29%
parasolun parapluie
29%
strój kapielowyun maillot de bain
24%
kurtka dzinsowaun blouson
19%
pantofledes chaussures
14%
akcesoriales accessoires
14%

Rozkład punktacji

Percentyl według liczby udzielonych odpowiedzi

Procent ludzi z każdym wynikiem

Twoja historia wyników

Nie rozwiązałeś tego quizu od ostatniego zresetowania